1702 1905 1168 1026 1604 1930 1483 1679 1241 1976 1288 1132 1213 1937 1271 1623 1573 1714 1340 1468 1781 1096 1617 1213 1957 1683 1041 1053 1049 1348 1873 1294 1499 1187 1748 1783 1051 1792 1655 1526 1194 1857 1024 1490 1900 1395 1810 1219 1697 1148 1061 1973 1811 1781 1770 1077 1517 1199 1844 1616 1528 1516 1700 1647 1141 1842 1727 1314 1579 1003 1403 1312 1013 1461 1201 1600 1087 1066 1851 1184 1507 1193 1840 1771 1603 1768 1854 1926 1591 1724 1462 1521 1439 1336 1299 1281 1546 1040 1982 BCNSPRNW ULIB Ver.6.0+V

เปลี่ยนเป็นภาษาไทย

Change to English
 แสดงรายละเอียดบรรณานุกรม
  กลับหน้าหลัก

Brief Record : Get Marc (ISO 2709) : E-mail record : QR code < ปิดหน้าต่าง
LEADER : 00000nam 2200000uu 4500
001    13399113444
003     ULIB
008    111116s2550||||th 000 0 tha d
020    ^a9748283005
060 04 ^aW62^bC734 2550
245 00 ^aCommunication skills...สื่อสารอย่างมีประสิทธิภาพ /^cบรรณาธิการ, ชิษณุ พันธุ์เจริญ, อุษา ทิสยากร
246 30 ^aสื่อสารอย่างมีประสิทธิภาพเรื่อง
250    ^aพิมพ์ครั้งที่ 1
260    ^aกรุงเทพฯ :^bสมาคมกุมารแพทย์แห่งประเทศไทย,^c2550
300    ^a217 หน้า
650  7 ^aการสื่อสารทางการแพทย์
700 0  ^aชิษณุ พันธุ์เจริญ,^eบรรณาธิการ
700 0  ^aอุษา ทิสยากร,^eบรรณาธิการ
710 2  ^aสมาคมกุมารแพทย์แห่งประเทศไทย
945    ^p0^l0^i15611
945    ^p0^l0^i15612
995    ^aกัณชพร
999    ^aใช้งานได้ทุกระบบ
รายการนี้ยังไม่มีแท็ก
คุณยังไม่ได้ล็อกอิน คุณสามารถมีกิจกรรมร่วมกับเว็บไซต์ได้ แต่ต้องล็อกอินก่อน ::
  ล็อกอิน

รายการสื่อสารสนเทศ

ลำดับที่ ประเภท เลขเรียก/บาร์โค้ด สถานที่ สถานะ
- ไม่พบข้อมูล -

รายการใกล้เคียง
    หัวเรื่อง [การสื่อสารทางการแพทย์]

BibComment


ยังไม่เคยถูกคอมเมนท์

คอมเมนท์ทรัพยากรรายการนี้
  คอมเมนท์: Communication sk..


 Copyright 2026. Bcnsprnw @Library